000 00402pab a2200157 454500
008 180718b2013 xxu||||| |||| 00| 0 eng d
100 _aTiwari, Sanjay
245 _aOvercoming skill deficit: Some strategic initiatives for higher education
260 _c2013
300 _ap.21-25.
362 _a18 Mar
650 _aHigher education
773 _aUniversity News
908 _aN
909 _a98293
999 _c98292
_d98292